000 00430nam a2200157 4500
999 _c1604
_d1604
008 200127b ||||| |||| 00| 0 eng d
082 0 0 _a621.4025
_bE532
100 _9934
_aEmbleton, William
245 1 0 _aHeat and heat engines /
_cby William Embleton
250 _a2nd ed.
260 _aSunderland
_bThomas Reed
_c1974
300 _a470 p.
490 0 _aReed's
_vVol. 3
650 0 _aInternal Combustion Engines
942 _2ddc
_cBK